Tecnologías de la información y comunicación (TIC) /

সংরক্ষণ করুন:
গ্রন্থ-পঞ্জীর বিবরন
অন্যান্য লেখক: Campoverde Campoverde, Orlando Daniel (autor.)
বিন্যাস: বৈদ্যুতিন গ্রন্থ
ভাষা:স্প্যানিশ
প্রকাশিত: Quito : Instituto Superior Tecnológico Tecnoecuatoriano, 2024.
বিষয়গুলি:
অনলাইন ব্যবহার করুন:https://elibro.unach.elogim.com/es/lc/unach/titulos/281598
ট্যাগগুলো: ট্যাগ যুক্ত করুন
কোনো ট্যাগ নেই, প্রথমজন হিসাবে ট্যাগ করুন!

MARC

LEADER 00000nam a2200000 i 4500
001 ELB281598
003 FINmELB
005 20250520102749.0
006 m o u
007 cr cn|||||||||
008 250520s2024 ec a ob 000 0 spa d
020 |a 9789942676863  |q (e-book) 
035 |a (OCoLC)1520574322 
040 |a FINmELB  |b spa  |e rda  |c FINmELB 
050 1 4 |a T58.5  |b T255 2024 
080 |a 005.94 
082 0 4 |a 004  |2 23 
245 0 0 |a Tecnologías de la información y comunicación (TIC) /  |c Orlando Daniel Campoverde Campoverde [y otros 3]. 
264 1 |a Quito :  |b Instituto Superior Tecnológico Tecnoecuatoriano,  |c 2024. 
300 |a 1 recurso en línea (70 páginas) :  |b ilustraciones 
336 |a texto  |b txt  |2 rdamedia/spa 
337 |a computadora  |b c  |2 rdamedia/spa 
338 |a recurso en línea  |2 rdacarrier/spa 
504 |a Contiene bibliografía. 
588 |a Descripción basada en metadatos suministrados por el editor y otras fuentes. 
590 |a Recurso electrónico. Santa Fe, Arg.: elibro, 2024. Disponible vía World Wide Web. El acceso puede estar limitado para las bibliotecas afiliadas a elibro. 
650 4 |a Tecnologías de la información. 
655 4 |a Libros electrónicos. 
700 1 |a Campoverde Campoverde, Orlando Daniel,  |e autor. 
797 2 |a elibro, Corp. 
856 4 0 |u https://elibro.unach.elogim.com/es/lc/unach/titulos/281598